000 00590nam a2200181Ia 4500
008 100920s9999 xx 000 0 und d
082 _b87658
_a491.462 न 04
100 _aढवळीकर शेखर.
245 _aरिमोट कंण्ट्रोल.
260 _bराजहंस प्रकाशन,पुणे.
_c2004
300 _a84
_bसाधी
365 _b70
520 _aनाटक.
630 _aरिमोट कंण्ट्रोल.
650 _aनाटक.
730 _aरिमोट कंण्ट्रोल.
942 _cBOOK
999 _c728168
_d728165